| 000 | 01663cam a22003974a 4500 | ||
|---|---|---|---|
| 001 | 16608938 | ||
| 003 | OSt | ||
| 005 | 20140310182747.0 | ||
| 008 | 110112s2011 caua b 001 0 eng | ||
| 010 | _a 2010054167 | ||
| 020 | _a9781598847376 (pbk. : acidfree paper) | ||
| 020 | _a1598847376 (pbk. : acidfree paper) | ||
| 020 | _a9781598847383 (ebook) | ||
| 020 | _a1598847384 (ebook) | ||
| 035 | _a(OCoLC)ocn669750071 | ||
| 040 |
_aDLC _cDLC _dYDX _dBTCTA _dYDXCP _dBWX _dWID _dCDX _dDLC |
||
| 042 | _apcc | ||
| 050 | 0 | 0 |
_aZ 675.C778 _b.B47 2011 |
| 245 | 0 | 0 |
_aBest practices for corporate libraries / _cSigrid E. Kelsey and Marjorie J. Porter, editors. |
| 260 |
_aSanta Barbara, Calif. : _bLibraries Unlimited, _c2011. |
||
| 300 |
_axiii, 337 p. : _bill. ; _c24 cm. |
||
| 490 | 1 | _aThe Libraries Unlimited library management collection | |
| 504 | _aIncludes bibliographical references and index. | ||
| 520 | _a"In this book, experts in the field describe best practices based on their experiences in corporate libraries worldwide"--Provided by publisher. | ||
| 562 | _efor circulation. 1 copy available in the collection | ||
| 650 | 0 |
_aCorporate libraries _xAdministration. |
|
| 650 | 0 |
_aCorporate libraries _vCase studies. |
|
| 650 | 0 | _aInformation resources management. | |
| 700 | 1 | _aKelsey, Sigrid. | |
| 700 | 1 | _aPorter, Marjorie J. | |
| 830 | 0 | _aLibraries Unlimited library management collection. | |
| 906 |
_a7 _bcbc _corignew _d1 _eecip _f20 _gy-gencatlg |
||
| 942 |
_2lcc _cBK _kFOR |
||
| 999 |
_c15681 _d15681 |
||